Normal view
MARC view
- القانون التجاري -- الأعمال التجارية -- عمان
Entry Topical Term
001 - CONTROL NUMBER
- control field: 50738
003 - CONTROL NUMBER IDENTIFIER
- control field: JO-AjAnu
005 - DATE AND TIME OF LATEST TRANSACTION
- control field: 20230606082342.0
008 - FIXED-LENGTH DATA ELEMENTS
- fixed length control field: 230606|| aca||aabn | a|a d
040 ## - CATALOGING SOURCE
- Original cataloging agency: JO-AjAnu
- Transcribing agency: JO-AjAnu
150 ## - HEADING--TOPICAL TERM
- Topical term or geographic name entry element: القانون التجاري -- الأعمال التجارية -- عمان
670 ## - SOURCE DATA FOUND
- Source citation: Work cat.: (JO-AjAnu)25936: المقدادي، عادل علي , author 50737, القانون التجاري: المبادئ العامة وفقا لأحكام قانون التجارة العماني